000 00717nam a2200289Ia 4500
005 20260324123701.0
008 008 260324s9999 xx 000 0 eng d
020 _a9780203816820
037 _aEBOOK
040 _aCRL
040 _beng
040 _cCRL
041 _2eng
041 _aeng
084 _qCRL
100 _aGill Thomson; Fiona Dykes; Soo Downe
_91171252
245 0 _aQualitative Research in Midwifery and Childbirth
245 0 _bPhenomenological Approaches
260 _bTaylor and Francis
260 _c2011
365 _a
365 _b230
856 _uhttp://www.taylorfrancis.com/books/9780203816820
942 _cEBOOK
999 _c1764981
_d1764981